[Event "AUTO-OPEN-4244"]
[Site "http://www.queenalice.com/game.php?id=1638663"]
[Date "2021.1.2"]
[Round "1"]
[White "rootgauss"]
[Black "Vedovanera"]
[Result "0-1"]
[WhiteElo "1940"]
[BlackElo "2099"]

1. e4 c5 2. Nf3 e6 3. c4 Nc6 4. Nc3 Nf6 5. d4 cxd4 6. Nxd4 Be7 7. Be2 a6 8. O-O
O-O 9. Nxc6 dxc6 10. e5 Nd7 11. f4 f6 12. exf6 Bc5+ 13. Kh1 Nxf6 14. h3 Bd4 15.
Bd2 Qc7 16. Qc2 Bd7 17. Bd3 c5 18. Ne4 Nh5 19. Rf3 Nxf4 20. Ng5 Nxd3 21. Rxf8+
Rxf8 22. Qxd3 Rf5 23. Rf1 Qe5 0-1

[Event "AUTO-OPEN-4244"]
[Site "http://www.queenalice.com/game.php?id=1638676"]
[Date "2021.1.2"]
[Round "1"]
[White "Givanildo"]
[Black "rootgauss"]
[Result "0-1"]
[WhiteElo "1659"]
[BlackElo "1919"]

1. d4 d5 2. Bf4 c5 3. e3 Nc6 4. Bb5 e6 5. Ne2 Nf6 6. h3 Bd7 7. O-O Be7 8. a3 O-O
9. dxc5 Bxc5 10. b4 Be7 11. c4 a6 12. Bxc6 Bxc6 13. c5 b6 14. Nd2 bxc5 15. Rc1
Bb5 16. Rxc5 Bxc5 17. bxc5 Rc8 18. Nb3 Rb8 19. Bxb8 Qxb8 20. Nbd4 Qc7 21. Nxb5
axb5 22. Nd4 Qxc5 23. a4 b4 24. Qd2 Ra8 25. Rc1 Qa5 26. Nc6 Qxa4 27. f3 b3 28.
Qc3 Qc4 29. Qe1 Qb5 30. e4 h5 31. e5 Nd7 32. Ne7+ Kf8 33. Nc8 b2 34. Qc3 bxc1=Q+
35. Qxc1 Nxe5 36. Nd6 Qc6 37. Qxc6 Nxc6 38. Nb5 d4 39. f4 d3 40. Nc3 Nd4 41. Ne4
f5 42. Ng5 d2 43. Nh7+ Kg8 44. Ng5 d1=Q+ 45. Kh2 Ra1 46. h4 Qh1+ 47. Kg3 Ra3+
48. Nf3 Qe1+ 49. Kh3 Nxf3 50. gxf3 Rxf3+ 51. Kh2 Qg3+ 52. Kh1 Rf1# 0-1

[Event "AUTO-OPEN-4244"]
[Site "http://www.queenalice.com/game.php?id=1638677"]
[Date "2021.1.2"]
[Round "1"]
[White "rootgauss"]
[Black "Givanildo"]
[Result "1-0"]
[WhiteElo "1896"]
[BlackElo "1732"]

1. e4 d5 2. exd5 Qxd5 3. Nc3 Qe5+ 4. Nge2 Bf5 5. d4 Qa5 6. Bd2 e6 7. g3 Bd6 8.
Ne4 Bb4 9. Bg2 Ne7 10. c3 Bd6 11. Nxd6+ cxd6 12. Bxb7 O-O 13. Bxa8 d5 14. c4 Qb6
15. Qb3 Qd6 16. Bf4 Qd7 17. O-O Be4 18. c5 Nbc6 19. Bxc6 Nxc6 20. Nc3 f5 21. Qa4
h6 22. h4 Qc8 23. Qd1 g5 24. hxg5 Qe8 25. f3 hxg5 26. Bxg5 Qh5 27. Bf4 e5 28.
Bxe5 Bxf3 29. Qxf3 Qh7 30. Kf2 Nxe5 31. dxe5 d4 32. Nd5 f4 33. Rh1 Qc2+ 34. Qe2
fxg3+ 35. Ke1 Qg6 36. Nf6+ Rxf6 37. exf6 d3 38. Qe6+ Qf7 39. Rh8+ Kxh8 40. Qxf7
d2+ 41. Kxd2 g2 42. Qg7# 1-0

[Event "AUTO-ADV-4448"]
[Site "http://www.queenalice.com/game.php?id=1639593"]
[Date "2021.1.12"]
[Round "1"]
[White "Sirius"]
[Black "rootgauss"]
[Result "0-1"]
[WhiteElo "1733"]
[BlackElo "1943"]

1. e4 e5 2. d4 exd4 3. Qxd4 Nc6 4. Qe3 d6 5. Bb5 Bd7 6. Bc4 Nf6 7. h4 Ne5 8. b3
Nfg4 9. Qf4 Qf6 10. f3 Qxf4 11. Bxf4 Nxc4 12. bxc4 Nf6 13. Na3 d5 14. cxd5 Bxa3
15. Bxc7 Bb4+ 16. Kf2 Rc8 17. Rb1 Bc5+ 18. Kg3 Rxc7 19. Rb2 Bd4 20. Rb4 Nh5+ 21.
Kh2 Be5+ 22. g3 Rxc2+ 23. Ne2 Rxe2+ 24. Kg1 Nxg3 25. Rxb7 Bd4# 0-1

[Event "AUTO-ADV-4448"]
[Site "http://www.queenalice.com/game.php?id=1639594"]
[Date "2021.1.12"]
[Round "1"]
[White "rootgauss"]
[Black "Sirius"]
[Result "1-0"]
[WhiteElo "1955"]
[BlackElo "1729"]

1. e4 e5 2. Nf3 Qf6 3. Nc3 Bc5 4. d3 b6 5. Be2 d6 6. Bg5 Qe6 7. Nd5 Na6 8. d4 c6
9. Bxa6 cxd5 10. exd5 Qxd5 11. Bxc8 Bb4+ 12. c3 Rxc8 13. cxb4 e4 14. Qe2 f6 15.
Bf4 Kf7 16. Nd2 Rc2 17. Qxe4 Qxe4+ 18. Nxe4 Rxb2 19. Nxd6+ Kg6 20. b5 Ne7 21.
O-O h5 22. Rfb1 Rd2 23. Bxd2 Rd8 24. Bb4 Nd5 25. Ne4 Kf5 26. f3 Ne3 27. Rc1 Rxd4
28. Bf8 g6 29. Bg7 Nd5 30. Rd1 Rxd1+ 31. Rxd1 Ne3 32. Rd7 a5 33. bxa6 g5 34.
Bxf6 g4 35. Kf2 gxf3 36. gxf3 Kf4 37. Be5+ Kf5 38. Kxe3 Kxe5 39. f4+ 1-0

[Event "AUTO-ADV-4448"]
[Site "http://www.queenalice.com/game.php?id=1639605"]
[Date "2021.1.12"]
[Round "1"]
[White "RobertD"]
[Black "rootgauss"]
[Result "0-1"]
[WhiteElo "1886"]
[BlackElo "1975"]

1. e4 c5 2. Bc4 d6 3. Nf3 e6 4. O-O Nc6 5. d4 Bd7 6. dxc5 dxc5 7. Be3 Qc7 8. Bf4
Qxf4 9. Nc3 Be7 10. Qe2 Rd8 11. g3 Qc7 12. a3 e5 13. Kg2 Nf6 14. Ng5 O-O 15. Nd5
Nxd5 16. exd5 Bxg5 17. dxc6 Bxc6+ 18. Kg1 Rd2 19. Qg4 h6 20. h4 Bd7 21. Qh5 Bf6
22. Rad1 Rxc2 23. b3 e4 24. Rfe1 Bd4 25. Rxd4 cxd4 26. Rxe4 Rc1+ 27. Bf1 Rxf1+
28. Kxf1 Qc1+ 0-1

[Event "AUTO-ADV-4448"]
[Site "http://www.queenalice.com/game.php?id=1639606"]
[Date "2021.1.12"]
[Round "1"]
[White "rootgauss"]
[Black "RobertD"]
[Result "1-0"]
[WhiteElo "1962"]
[BlackElo "1894"]

1. e4 d6 2. d4 c6 3. Nc3 e6 4. Nf3 Nf6 5. Bd3 h6 6. e5 Nd5 7. O-O f6 8. exf6
Qxf6 9. Ne4 Qd8 10. c4 Nf6 11. Re1 Be7 12. Nxf6+ Bxf6 13. Bg6+ Ke7 14. Qc2 Nd7
15. Rxe6+ Kf8 16. Rxd6 Qc7 17. Bf4 Qb6 18. Re1 Be7 19. Rxe7 Kxe7 20. Qe4+ Kd8
21. Ne5 Rf8 22. Nf7+ Kc7 23. Rd5+ 1-0

[Event "AUTO-ADV-4448"]
[Site "http://www.queenalice.com/game.php?id=1639613"]
[Date "2021.1.12"]
[Round "1"]
[White "rootgauss"]
[Black "diegem"]
[Result "1-0"]
[WhiteElo "1895"]
[BlackElo "2040"]

1. e4 e5 2. Nf3 Nc6 3. Bc4 h6 4. d4 exd4 5. O-O d6 6. Nxd4 Nf6 7. Nxc6 bxc6 8.
e5 Nd7 9. e6 Ne5 10. exf7+ Nxf7 11. Re1+ Be7 12. Qe2 d5 13. Bd3 a5 14. Bg6 d4
15. Nd2 Ba6 16. Qe6 Rf8 17. Qxc6+ Qd7 18. Qxa8+ Bc8 19. Ne4 Qg4 20. Bg5 hxg5 21.
Nxg5 Qd7 22. Re4 c5 23. Rae1 Kd8 24. Ne6+ Ke8 25. Nxc5 Qc7 26. Rxe7+ Qxe7 27.
Qxc8# 1-0

[Event "AUTO-ADV-4448"]
[Site "http://www.queenalice.com/game.php?id=1639614"]
[Date "2021.1.12"]
[Round "1"]
[White "diegem"]
[Black "rootgauss"]
[Result "1-0"]
[WhiteElo "1971"]
[BlackElo "1959"]

1. e4 c5 2. Nf3 Nc6 3. Nc3 e6 4. Bb5 Nd4 5. d3 Nxb5 6. Nxb5 a6 7. Nc3 d5 8. O-O
d4 9. Ne2 Nf6 10. Bg5 Be7 11. Bxf6 Bxf6 12. Ng3 h6 13. Re1 e5 14. a4 Bg4 15. h3
Be6 16. c3 O-O 17. cxd4 cxd4 18. b4 Qd6 19. b5 axb5 20. axb5 Rxa1 21. Qxa1 Qc5
22. Qa4 Bd7 23. Rb1 Rc8 24. Qb4 Qxb4 25. Rxb4 Rc5 26. b6 Bd8 27. Nf5 Bb5 28. Rb3
Ba6 29. Ne1 Rc1 30. Kf1 Bg5 31. Ke2 Kf8 32. Nd6 Rc6 33. Nf5 g6 34. Ng3 Bd8 35.
Rb2 Rxb6 36. Rxb6 Bxb6 37. Nf3 f6 38. Ne1 Ke7 39. Nf1 Kd6 40. Nc2 Kc5 41. Nd2
Ba5 42. Nb3+ Kb5 43. g3 Bc3 44. f4 b6 45. fxe5 fxe5 46. Kd1 h5 47. g4 hxg4 48.
hxg4 g5 49. Nc1 Bc8 50. Na3+ Kc5 51. Nc4 Bxg4+ 52. Ne2 b5 53. Na3 b4 54. Nc4 b3
55. Nxe5 Bxe2+ 56. Kc1 b2+ 57. Kb1 g4 58. Nxg4 Bxg4 59. Kc2 Kb4 60. e5 Ka3 61.
Kb1 Bf5 62. Kc2 Bxd3+ 63. Kxd3 b1=Q+ 64. Kc4 Qb4+ 65. Kd5 1-0

[Event "AUTO-ADV-4451"]
[Site "http://www.queenalice.com/game.php?id=1640290"]
[Date "2021.1.17"]
[Round "1"]
[White "jagiellonczyk"]
[Black "rootgauss"]
[Result "0-1"]
[WhiteElo "1922"]
[BlackElo "1925"]

1. e4 e5 2. Nf3 Nc6 3. Nc3 Bc5 4. Bb5 Nf6 5. O-O O-O 6. Bxc6 bxc6 7. Nxe5 Ba6 8.
d3 Re8 9. Nf3 h6 10. a3 d5 11. exd5 cxd5 12. Ne2 Bb6 13. Ng3 c5 14. Nf5 Bc8 15.
Ng3 d4 16. Bd2 Qd6 17. Qc1 Nd5 18. Ne4 Qc6 19. a4 Bc7 20. Re1 Rb8 21. b3 Bg4 22.
Ng3 Bxf3 23. gxf3 Qf6 24. Kg2 Rf8 25. Re4 Qd6 26. Rh4 f5 27. Bxh6 gxh6 28. Rxh6
Nf4+ 29. Kg1 Qxh6 30. Qe1 Rbe8 31. Qf1 Rf7 32. Re1 Rxe1 33. Qxe1 Kf8 34. b4 Rh7
35. Nf1 Qh3 36. Ne3 Qxh2+ 37. Kf1 Qh1# 0-1

[Event "AUTO-ADV-4451"]
[Site "http://www.queenalice.com/game.php?id=1640291"]
[Date "2021.1.17"]
[Round "1"]
[White "rootgauss"]
[Black "jagiellonczyk"]
[Result "1-0"]
[WhiteElo "1941"]
[BlackElo "1982"]

1. e4 e5 2. Nf3 Nc6 3. Bc4 Nf6 4. Nc3 Be7 5. d3 O-O 6. O-O d6 7. a3 Bg4 8. h3
Bd7 9. b4 a6 10. Bd2 b5 11. Bb3 Re8 12. Nd5 Be6 13. c4 bxc4 14. Bxc4 h6 15. Rc1
Qd7 16. b5 Bxd5 17. exd5 Nb8 18. a4 Qc8 19. Be3 axb5 20. Bxb5 Rf8 21. Bb6 Bd8
22. Qc2 Nxd5 23. Be3 Nxe3 24. fxe3 Nd7 25. d4 exd4 26. exd4 Re8 27. Rfe1 Rxe1+
28. Rxe1 Bf6 29. Bc6 Ra6 30. Qc4 Nb6 31. Qd3 Nd7 32. Bxd7 Qxd7 33. Qxa6 c5 34.
Qa8+ Kh7 35. Qe4+ g6 36. a5 Qa4 37. dxc5 Qxa5 38. cxd6 Qb6+ 39. Qe3 Qxd6 40. Qe8
Qc7 41. Rd1 Qc5+ 42. Kh1 Qc4 43. Rd7 h5 44. Ng5+ Kh6 45. Nxf7+ Qxf7 46. Qxf7 Be5
47. h4 1-0

[Event "AUTO-ADV-4451"]
[Site "http://www.queenalice.com/game.php?id=1640304"]
[Date "2021.1.17"]
[Round "1"]
[White "rootgauss"]
[Black "askasl159"]
[Result "1-0"]
[WhiteElo "1960"]
[BlackElo "1890"]

1. e4 e5 2. Nf3 Nc6 3. Bc4 h6 4. c3 f5 5. exf5 Nf6 6. d4 exd4 7. Nxd4 Nxd4 8.
Qxd4 d5 9. Bd3 c5 10. Qe5+ Be7 11. O-O O-O 12. Qg3 c4 13. Bc2 Bd6 14. Qh4 Qe7
15. Be3 Ne4 16. Qxe7 Bxe7 17. f3 Nc5 18. Nd2 Bxf5 19. Bxf5 Rxf5 20. g4 Rf7 21.
Bxc5 Bxc5+ 22. Kg2 Re8 23. Rae1 Rxe1 24. Rxe1 a5 25. Re5 Rd7 26. Nxc4 dxc4 27.
Rxc5 Rd2+ 28. Kg3 a4 29. Rxc4 b5 30. Rb4 g5 31. a3 Kg7 32. Rxb5 Rd3 33. c4 Kf7
34. c5 Ke7 35. c6 Kd8 36. Rb7 Kc8 37. Rh7 Rd2 38. Rxh6 Kc7 39. h4 gxh4+ 40. Kxh4
Rxb2 41. g5 Rb4+ 42. axb4 a3 43. Kg4 a2 44. Rh1 Kxc6 45. g6 Kb5 46. g7 Kxb4 47.
g8=Q Ka3 48. Qf8+ Kb2 49. Qb4+ Kc2 50. Rh2+ 1-0

[Event "AUTO-ADV-4451"]
[Site "http://www.queenalice.com/game.php?id=1640305"]
[Date "2021.1.17"]
[Round "1"]
[White "askasl159"]
[Black "rootgauss"]
[Result "1-0"]
[WhiteElo "1832"]
[BlackElo "1987"]

1. e4 e5 2. Nf3 Nc6 3. Bc4 Bc5 4. c3 d6 5. h3 Be6 6. Bb5 Ne7 7. d4 exd4 8. cxd4
Bb4+ 9. Nc3 d5 10. e5 f6 11. O-O O-O 12. Bxc6 Nxc6 13. a3 Be7 14. b4 fxe5 15.
Nxe5 Nxe5 16. dxe5 Rf5 17. f4 c5 18. bxc5 Bxc5+ 19. Kh1 d4 20. Ne4 Be7 21. Bb2
d3 22. Ng3 Qd5 23. Nxf5 Bxf5 24. Rf3 Rd8 25. Qd2 1-0

[Event "AUTO-ADV-4451"]
[Site "http://www.queenalice.com/game.php?id=1640306"]
[Date "2021.1.17"]
[Round "1"]
[White "rootgauss"]
[Black "dadaspazzi"]
[Result "0-1"]
[WhiteElo "1965"]
[BlackElo "2115"]

1. e4 c5 2. d4 cxd4 3. Nf3 e5 4. Nxe5 Qa5+ 5. c3 Qxe5 6. Bd3 Nc6 7. f4 Qf6 8. e5
Qh4+ 9. g3 Qh3 10. Bf1 Qe6 11. cxd4 Qd5 12. Rg1 Nxd4 13. Nc3 Nf3+ 0-1

[Event "AUTO-ADV-4451"]
[Site "http://www.queenalice.com/game.php?id=1640307"]
[Date "2021.1.17"]
[Round "1"]
[White "dadaspazzi"]
[Black "rootgauss"]
[Result "1-0"]
[WhiteElo "2154"]
[BlackElo "1968"]

1. d4 d5 2. c4 e6 3. Nf3 c5 4. cxd5 exd5 5. Nc3 Nc6 6. dxc5 Nf6 7. Be3 Be7 8. g3
O-O 9. Bg2 Bg4 10. Qa4 Qc7 11. O-O Rad8 12. Rfd1 Be6 13. Nd4 Nxd4 14. Bxd4 Bxc5
15. Bxf6 gxf6 16. Bxd5 Bd7 17. Qh4 Be7 18. Be4 f5 19. Qxe7 fxe4 20. Nxe4 Rfe8
21. Nf6+ 1-0

[Event "AUTO-ADV-4441"]
[Site "http://www.queenalice.com/game.php?id=1769950"]
[Date "2021.9.16"]
[Round "2"]
[White "rootgauss"]
[Black "pomar"]
[Result "1-0"]
[WhiteElo "1909"]
[BlackElo "1912"]

1. e4 e6 2. d4 d5 3. e5 c5 4. c3 Qb6 5. Nf3 cxd4 6. cxd4 Nc6 7. Nc3 Bb4 8. Be2
Nge7 9. O-O Nf5 10. a3 Be7 11. Na4 Qc7 12. Be3 f6 13. Rc1 O-O 14. b4 fxe5 15.
Nxe5 Bd6 16. b5 Bxe5 17. dxe5 Qxe5 18. bxc6 Nxe3 19. fxe3 Qxe3+ 20. Kh1 Qxa3 21.
c7 b6 22. Rxf8+ Kxf8 23. Nc3 Qe7 24. Nb5 a6 25. Nd4 Ra7 26. Nc6 Qxc7 27. Nxa7
Qxa7 28. Rxc8+ Ke7 29. Qc2 a5 30. Rc7+ 1-0

[Event "AUTO-ADV-4441"]
[Site "http://www.queenalice.com/game.php?id=1769951"]
[Date "2021.9.16"]
[Round "2"]
[White "pomar"]
[Black "rootgauss"]
[Result "0-1"]
[WhiteElo "1929"]
[BlackElo "1892"]

1. f3 e5 2. Kf2 d5 3. e3 Nc6 4. g3 Nf6 5. Bh3 h5 6. Kg2 h4 7. Bxc8 Qxc8 8. Nh3
e4 9. Rf1 hxg3 10. Ng5 Ne5 11. hxg3 exf3+ 12. Nxf3 Qh3+ 13. Kf2 Ne4+ 14. Ke2
Qg2+ 15. Ke1 Qxg3+ 16. Ke2 Qg2+ 17. Ke1 Rh1 18. Qe2 Rxf1+ 19. Qxf1 Nxf3+ 0-1